Alpine Berge mit größter Schartenhöhe - Statistiken

Allgemein
  • Dieses Quiz wurde 114 mal gespielt
  • Das Durchschnittsergebnis liegt bei 4 aus 10
Antworten auf der Karte
Die Antworten werden auf der Karte rot bzw. grün angezeigt, abhängig davon wie oft sie richtig erraten wurden.
 
Antwortstatistiken
Seehöhe Schartenhöhe Gipfel % Korrekt
4808 4695 Mont Blanc
90%
3798 2428 Großglockner
87%
4634 2165 Monte Rosa (Dufourspitze)
60%
3905 1953 Ortler
57%
3770 2263 Wildspitze
42%
4049 2234 Piz Bernina
34%
4274 2280 Finsteraarhorn
28%
3343 2134 Marmolada (Punta Penia)
17%
3841 2062 Monte Viso
13%
4102 2045 Barre des Écrins
11%
Keine übereinstimmenden Quizze gefunden
Verteilung der Resultate
Anzahl Personen mit jedem Resultat
Perzentil nach korrekt beantworteten Fragen
Ihre Resultats-Entwicklung
Sie haben dieses Quiz noch nicht gespielt